Las nuevas corrientes financieras hacia la América Latina: fuentes, efectos y políticas

Furkejuvvon:
Bibliográfalaš dieđut
Váldodahkkit: Ffrench-Davis, Ricardo (Dahkki), Griffith-Jones, Stephany (Dahkki)
Materiálatiipa: Girji
Giella:espánnjágiella
Almmustuhtton: Santiago Fondo de Cultura Económica 1995
Ráidu:Lecturas, 81
Fáttát:
Fáddágilkorat: Lasit fáddágilkoriid
Eai fáddágilkorat, Lasit vuosttaš fáddágilkora!

MARC

LEADER 00000nam a2200000 a 4500
001 UCY5428
003 CL-VaPUC
008 950508e19950000CL |||||||||||||||||spa|d
082 0 4 |a 332  |b FFR  |2 21 
100 0 |a Ffrench-Davis, Ricardo  |e author  |9 334176 
700 |a Griffith-Jones, Stephany  |e author  |9 345099 
245 1 4 |a Las nuevas corrientes financieras hacia la América Latina: fuentes, efectos y políticas 
300 |a 344 p 
942 |c BK 
945 |d 19950508 00:00:00  |a rbrito 
260 |a Santiago  |b Fondo de Cultura Económica  |c 1995 
650 7 |a MOVIMIENTO DE CAPITALES  |2 CL-VaPUC  |9 334178 
650 7 |a INVERSIONISTAS  |2 CL-VaPUC  |9 334179 
650 0 |a Capital   |9 263726 
650 7 |a CORRIENTES DE CAPITAL  |2 CL-VaPUC  |9 334180 
650 0 |a Mercado de capitales  |9 330596 
650 0 |a Inversiones extranjeras  |9 255451 
583 |a last modification  |c 19950508 00:00:00  |k Rodrigo Vera 
490 0 |a Lecturas, 81 
999 |c 233092  |d 233090 
952 |0 0  |1 0  |4 0  |6 332_000000000000000_FFR_1995  |7 0  |8 A  |9 238250  |a BIBENE  |b BIBENE  |d 2019-11-18  |i 3080137  |o 332 FFR 1995  |p 3080137  |r 2025-01-15  |w 2019-11-18  |y BK  |k ICO 
952 |0 0  |1 0  |4 0  |6 332_000000000000000_FFR_1995  |7 0  |8 A  |9 238251  |a BIBGIM  |b BIBGIM  |d 2019-11-18  |i 3080145  |o 332 FFR 1995  |p 3080145  |r 2025-01-15  |w 2019-11-18  |y BK  |k COM 
952 |0 0  |1 0  |4 0  |6 332_000000000000000_FFR_1995  |7 0  |8 A  |9 238252  |a BIBING  |b BIBING  |d 2019-11-18  |i 3084000  |o 332 FFR 1995  |p 3084000  |r 2025-01-20  |w 2019-11-18  |y BK  |k GEO